Sociology of revivalism: a study of indianization, Sanskritization and Golwalkarism (Record no. 344839)

000 -LEADER
fixed length control field 00393cam a22001217a 4500
008 - FIXED-LENGTH DATA ELEMENTS--GENERAL INFORMATION
fixed length control field 180718b1970. xxu||||| |||| 00| 0 eng d
082 ## - DEWEY DECIMAL CLASSIFICATION NUMBER
Classification number B19x54 g155
100 ## - MAIN ENTRY--PERSONAL NAME
Personal name Gangadharan, K.K.
245 ## - TITLE STATEMENT
Title Sociology of revivalism: a study of indianization, Sanskritization and Golwalkarism
Statement of responsibility, etc. by K.K. Gangadharan
260 ## - PUBLICATION, DISTRIBUTION, ETC.
Place of publication, distribution, etc. Delhi
Name of publisher, distributor, etc. Kalamkar
Date of publication, distribution, etc. 1970.
300 ## - PHYSICAL DESCRIPTION
Extent 166p.
650 ## - SUBJECT ADDED ENTRY--TOPICAL TERM
Topical term or geographic name entry element Social Change - India.
Holdings
Withdrawn status Lost status Damaged status Not for loan Permanent Location Current Location Date acquired Full call number Barcode Date last seen Price effective from Koha item type
        Indian Institute of Public Administration Indian Institute of Public Administration 1993-10-05 B19x54 g155 46108 2018-07-21 2018-07-21 Book

Powered by Koha